[Event "Schach Nienberge 1 - SF Brackel 1"]
[Site "NRW-Klasse - Gruppe 1 2018/20"]
[Date "2019.04.14"]
[Round "8.7"]
[White "Korten, Lando"]
[Black "Haas, Kai"]
[Result "1-0"]
[WhiteElo "2046"]
[BlackElo "1931"]
[PlyCount "101"]
[EventDate "2019.??.??"]
[WhiteTeam "SF Brackel 1"]
[BlackTeam "Schach Nienberge 1"]

1. d4 c5 2. d5 e5 3. c4 d6 4. e4 Be7 5. Nf3 Nd7 6. Be2 Nf8 7. O-O Ng6 8. a3 Nf6
9. Qc2 O-O 10. b4 b6 11. Nc3 Bd7 12. Bd2 a6 13. Rfb1 Qc7 14. Ra2 h6 15. Rab2
Ra7 16. h3 Nh7 17. bxc5 bxc5 18. Rb6 Ng5 19. Nxg5 Bxg5 20. Bxg5 hxg5 21. Bg4
Bxg4 22. hxg4 Ne7 23. Qb3 Re8 24. Rb7 Rxb7 25. Qxb7 Qa5 26. Rb3 Nc8 27. Qd7 Kf8
28. Qa4 Qxa4 29. Nxa4 Ke7 30. Rb7+ Kd8 31. Rxf7 Re7 32. Rf8+ Kc7 33. Rf5 Kb8
34. Rxg5 Rb7 35. f3 Rb1+ 36. Kh2 Rb3 37. Rxg7 Rxa3 38. g5 Rxa4 39. g6 Rb4 40.
Rh7 Rb7 41. g7 Ne7 42. Rh8+ Kc7 43. Re8 Rb8 44. Rxe7+ Kb6 45. Rd7 a5 46. Rxd6+
Ka7 47. Rc6 a4 48. d6 a3 49. Rxc5 Ka6 50. Rb5 Rg8 51. Rb3 1-0

[Event "Schach Nienberge 1 - SF Brackel 1"]
[Site "NRW-Klasse - Gruppe 1 2018/20"]
[Date "2019.04.14"]
[Round "8.8"]
[White "Keller, Dirk"]
[Black "Boehm, Juergen"]
[Result "0-1"]
[WhiteElo "1892"]
[BlackElo "2154"]
[PlyCount "64"]
[EventDate "2019.??.??"]
[WhiteTeam "Schach Nienberge 1"]
[BlackTeam "SF Brackel 1"]

1. c4 c6 2. d4 d5 3. Nf3 e6 4. e3 Nf6 5. b3 Nbd7 6. Bb2 Ne4 7. Bd3 f5 8. O-O
Bd6 9. Ne5 Nxe5 10. dxe5 Be7 11. f3 Ng5 12. Qe2 O-O 13. Nd2 Bd7 14. Kh1 Be8 15.
Rad1 Bg6 16. f4 Ne4 17. Nf3 Bh5 18. Qe1 a5 19. a3 Qb6 20. Nd4 Bxd1 21. Qxd1 c5
22. Nb5 Rad8 23. Qc2 dxc4 24. bxc4 Qc6 25. Na7 Qd7 26. Rd1 Qxd3 27. Rxd3 Rxd3
28. g3 Rd1+ 29. Qxd1 Nf2+ 30. Kg1 Nxd1 31. Bc1 Nc3 32. Bb2 Na4 0-1

[Event "LSV Turm Lippstadt 1 - SV Weidenau/Geis"]
[Site "NRW-Klasse - Gruppe 1 2018/20"]
[Date "2019.04.14"]
[Round "8.1"]
[White "Karthaeuser, Johannes"]
[Black "Wehmeier, Stefan"]
[Result "0-1"]
[WhiteElo "2167"]
[BlackElo "2301"]
[PlyCount "78"]
[EventDate "2019.??.??"]
[WhiteTeam "SV Weidenau/Geisweid 1"]
[BlackTeam "LSV Turm Lippstadt 1"]

1. e4 e5 2. Nf3 Nc6 3. d4 exd4 4. Nxd4 Qf6 5. Be3 Bc5 6. c3 d6 7. Bc4 Ne5 8.
Be2 Qg6 9. Bf3 Bd7 10. Qe2 a6 11. Nd2 Nf6 12. Nc2 Bxe3 13. Nxe3 O-O 14. O-O
Rfe8 15. Nd5 Nxd5 16. exd5 Bb5 17. Qd1 Bxf1 18. Nxf1 Nxf3+ 19. Qxf3 Qc2 20. b4
Re5 21. Rd1 Rf5 22. Rd2 Rxf3 23. Rxc2 Rd3 24. Ne3 Re8 25. Kf1 f5 26. g3 Kf7 27.
c4 Kf6 28. c5 Re4 29. cxd6 cxd6 30. Rc7 Rxb4 31. Rd7 Rb6 32. Kg2 Rd4 33. f4 Ra4
34. Kf3 h5 35. Nc2 Rxa2 36. Nd4 Ra5 37. Ne6 Rb3+ 38. Kg2 Rb2+ 39. Kh3 Raa2 0-1

[Event "LSV Turm Lippstadt 1 - SV Weidenau/Geis"]
[Site "NRW-Klasse - Gruppe 1 2018/20"]
[Date "2019.04.14"]
[Round "8.2"]
[White "Wagner, Alexej"]
[Black "Send, Sebastian"]
[Result "1-0"]
[WhiteElo "2235"]
[BlackElo "2153"]
[PlyCount "109"]
[EventDate "2019.??.??"]
[WhiteTeam "LSV Turm Lippstadt 1"]
[BlackTeam "SV Weidenau/Geisweid 1"]

1. d4 Nf6 2. c4 c5 3. d5 e6 4. Nc3 exd5 5. cxd5 d6 6. Nf3 g6 7. h3 Bg7 8. e4
O-O 9. Bd3 b5 10. Bxb5 Nxe4 11. Nxe4 Qa5+ 12. Nfd2 Qxb5 13. Nxd6 Qa6 14. N2c4
Nd7 15. O-O Ne5 16. Nxc8 Raxc8 17. Nxe5 Bxe5 18. Re1 Bd4 19. Bh6 Rfd8 20. Qf3
Qf6 21. Qxf6 Bxf6 22. Re2 Rxd5 23. Rae1 Rdd8 24. b3 Bc3 25. Rc1 Bd4 26. Rc4 Re8
27. Kf1 Rxe2 28. Kxe2 Re8+ 29. Be3 f5 30. Kd3 Bxe3 31. fxe3 Rd8+ 32. Ke2 Rd5
33. Ra4 Rd7 34. Ra5 Rc7 35. Kd3 Rd7+ 36. Kc4 Re7 37. a4 Rxe3 38. Rxa7 Rg3 39.
a5 Rxg2 40. Kxc5 Ra2 41. b4 f4 42. Rd7 f3 43. Rd1 f2 44. Rf1 g5 45. b5 Rxa5 46.
Rxf2 Kg7 47. Kb4 Ra8 48. b6 Kg6 49. Kb5 Kh5 50. Rf7 Rh8 51. b7 Kg6 52. Rc7 Rb8
53. Kb6 h5 54. Rc5 g4 55. h4 1-0

[Event "LSV Turm Lippstadt 1 - SV Weidenau/Geis"]
[Site "NRW-Klasse - Gruppe 1 2018/20"]
[Date "2019.04.14"]
[Round "8.3"]
[White "Jansen, Dirk Norbert"]
[Black "Hecht, Carsten"]
[Result "1/2-1/2"]
[WhiteElo "2175"]
[BlackElo "2272"]
[PlyCount "34"]
[EventDate "2019.??.??"]
[WhiteTeam "SV Weidenau/Geisweid 1"]
[BlackTeam "LSV Turm Lippstadt 1"]

1. e4 c5 2. Nf3 e6 3. d4 cxd4 4. Nxd4 Nc6 5. Nc3 Qc7 6. g3 a6 7. Bg2 Nf6 8. O-O
Bc5 9. Nxc6 dxc6 10. e5 Qxe5 11. Bf4 Qd4 12. Qe2 Be7 13. Rad1 Qa7 14. Be3 Bc5
15. Bg5 Be7 16. Be3 Bc5 17. Bg5 Be7 1/2-1/2

[Event "LSV Turm Lippstadt 1 - SV Weidenau/Geis"]
[Site "NRW-Klasse - Gruppe 1 2018/20"]
[Date "2019.04.14"]
[Round "8.4"]
[White "Kruse, Janik"]
[Black "Scholl, Patrick"]
[Result "1-0"]
[WhiteElo "2171"]
[BlackElo "1988"]
[PlyCount "63"]
[EventDate "2019.??.??"]
[WhiteTeam "LSV Turm Lippstadt 1"]
[BlackTeam "SV Weidenau/Geisweid 1"]

1. d4 d5 2. c4 c6 3. Nc3 dxc4 4. e3 b5 5. a4 b4 6. Ne4 Qd5 7. Nd2 Ba6 8. Qc2 c3
9. bxc3 Bxf1 10. Kxf1 bxc3 11. Qxc3 Nf6 12. Ba3 Nbd7 13. Ne2 Rc8 14. Nf4 Qf5
15. Qd3 Qa5 16. Nc4 Qc7 17. Rc1 e6 18. Bxf8 Kxf8 19. Qa3+ Kg8 20. Ke2 g5 21.
Nd3 Kg7 22. h4 g4 23. Nd6 Rb8 24. Rc2 c5 25. dxc5 Qc6 26. f3 a5 27. h5 Rhd8 28.
Nb5 h6 29. Nd4 Qa6 30. c6 e5 31. Nf5+ Kh7 32. Qe7 1-0

[Event "LSV Turm Lippstadt 1 - SV Weidenau/Geis"]
[Site "NRW-Klasse - Gruppe 1 2018/20"]
[Date "2019.04.14"]
[Round "8.5"]
[White "Waechtler, Frank"]
[Black "Tran, Duc Cuong"]
[Result "1/2-1/2"]
[WhiteElo "1980"]
[BlackElo "2109"]
[Annotator "Daniel"]
[PlyCount "39"]
[EventDate "2019.??.??"]
[WhiteTeam "SV Weidenau/Geisweid 1"]
[BlackTeam "LSV Turm Lippstadt 1"]

1. e4 c5 2. Nf3 e6 3. c4 Nc6 4. Nc3 d6 5. d4 cxd4 6. Nxd4 Nf6 7. Be2 Be7 8. Be3
O-O 9. O-O a6 10. Qd2 Qc7 11. Rac1 Ne5 12. h3 $11 h6 13. f4 Ned7 14. Bf3 Re8
15. g4 Nh7 16. Kg2 Ndf8 17. g5 hxg5 18. fxg5 Qd8 19. h4 Ng6 20. Qf2 1/2-1/2

[Event "LSV Turm Lippstadt 1 - SV Weidenau/Geis"]
[Site "NRW-Klasse - Gruppe 1 2018/20"]
[Date "2019.04.14"]
[Round "8.6"]
[White "Pollmueller, Michael"]
[Black "Eckardt, Uwe"]
[Result "1-0"]
[WhiteElo "2140"]
[BlackElo "2003"]
[PlyCount "79"]
[EventDate "2019.??.??"]
[WhiteTeam "LSV Turm Lippstadt 1"]
[BlackTeam "SV Weidenau/Geisweid 1"]

1. d4 d5 2. c4 c6 3. Nf3 Nf6 4. Qc2 e6 5. Nbd2 Nbd7 6. g3 Bd6 7. Bg2 O-O 8. O-O
h6 9. e4 dxe4 10. Nxe4 Nxe4 11. Qxe4 Nf6 12. Qc2 Re8 13. Rd1 Qe7 14. c5 Bc7 15.
Re1 Bd7 16. Bd2 Nd5 17. Ne5 Bxe5 18. dxe5 b6 19. Rac1 bxc5 20. Qxc5 Qxc5 21.
Rxc5 Rab8 22. b3 Rb5 23. Rec1 Reb8 24. Bf1 Rxc5 25. Rxc5 Kf8 26. Ra5 Rb7 27.
Bc1 Ke8 28. Ba3 Nb4 29. Bxb4 Rxb4 30. Rxa7 Re4 31. Ra5 Re1 32. f4 g5 33. fxg5
hxg5 34. h4 gxh4 35. gxh4 Re4 36. h5 Rg4+ 37. Kf2 Rf4+ 38. Ke1 Rf5 39. Be2 f6
40. h6 1-0

[Event "LSV Turm Lippstadt 1 - SV Weidenau/Geis"]
[Site "NRW-Klasse - Gruppe 1 2018/20"]
[Date "2019.04.14"]
[Round "8.7"]
[White "Piskorz, Andreas"]
[Black "Fecke, Andreas"]
[Result "1/2-1/2"]
[WhiteElo "1916"]
[BlackElo "2058"]
[PlyCount "92"]
[EventDate "2019.??.??"]
[WhiteTeam "SV Weidenau/Geisweid 1"]
[BlackTeam "LSV Turm Lippstadt 1"]

1. Nf3 d6 2. b3 Bg4 3. e3 e5 4. Be2 Nf6 5. Bb2 Nbd7 6. O-O h5 7. c4 c6 8. Nc3
Bxf3 9. Bxf3 g5 10. d4 Qe7 11. dxe5 Nxe5 12. Ne4 g4 13. Nxf6+ Qxf6 14. Be2 Nf3+
15. gxf3 Qxb2 16. fxg4 hxg4 17. Bxg4 Qe5 18. f4 Qxe3+ 19. Kh1 Kd8 20. Qe1 Qxe1
21. Raxe1 Kc7 22. Re2 Rd8 23. Rfe1 d5 24. cxd5 cxd5 25. Re5 d4 26. Rf5 Rh7 27.
Kg2 Bb4 28. Rd1 Rd6 29. Rb5 Bc3 30. Rc5+ Rc6 31. Rd5 f6 32. Kg3 Re7 33. Rd3
Be1+ 34. Kf3 Rc2 35. Bh3 Rxh2 36. Kg4 Bc3 37. Kf5 Kc6 38. Rd8 Kc7 39. Rd5 Bb2
40. Kxf6 Re3 41. Bf5 Rf2 42. Kg5 Rg2+ 43. Kf6 Reg3 44. R3xd4 Bxd4+ 45. Rxd4 b5
46. Rd7+ Kb6 1/2-1/2

[Event "LSV Turm Lippstadt 1 - SV Weidenau/Geis"]
[Site "NRW-Klasse - Gruppe 1 2018/20"]
[Date "2019.04.14"]
[Round "8.8"]
[White "Kuehler, Andreas"]
[Black "Boyko, Oleksiy"]
[Result "1/2-1/2"]
[WhiteElo "1876"]
[BlackElo "1867"]
[PlyCount "105"]
[EventDate "2019.??.??"]
[WhiteTeam "LSV Turm Lippstadt 1"]
[BlackTeam "SV Weidenau/Geisweid 1"]

1. d4 Nf6 2. Bf4 g6 3. Nc3 d5 4. Nf3 Bg7 5. e3 O-O 6. Be2 c6 7. h4 Nbd7 8. h5
Nxh5 9. Rxh5 gxh5 10. Ng5 e5 11. Bd3 h6 12. Bh7+ Kh8 13. dxe5 Nxe5 14. Qxh5 Qf6
15. f3 Ng6 16. Bxg6 fxg6 17. Qh2 Kg8 18. Nh3 Qh4+ 19. Bg3 Qb4 20. O-O-O Bxc3
21. bxc3 Qxc3 22. Be5 Qxe3+ 23. Kb1 Bxh3 24. Bd4 Qe2 25. Rh1 Qe6 26. Qg3 Rae8
27. gxh3 b6 28. f4 Rf5 29. Be5 Kh7 30. Rg1 Rg8 31. h4 c5 32. Re1 Qd7 33. Qh3 d4
34. Qd3 Re8 35. Rg1 Qe7 36. h5 Ref8 37. Rxg6 R8f7 38. Rg7+ Rxg7 39. Qxf5+ Kg8
40. Qc8+ Kh7 41. Qf5+ Kg8 42. Qc8+ Qf8 43. Qe6+ Kh7 44. Bxg7 Kxg7 45. Qg6+ Kh8
46. f5 Qg7 47. Qe8+ Kh7 48. Qe6 Qg1+ 49. Kb2 Qe3 50. Qg6+ Kh8 51. f6 Qc3+ 52.
Kc1 Qe1+ 53. Kb2 1/2-1/2

[Event "Oberhausener SV 1 - SG Porz 2"]
[Site "NRW-Klasse - Gruppe 1 2018/20"]
[Date "2019.04.14"]
[Round "8.1"]
[White "Suvorov, Alexander"]
[Black "Hort, Vlastimil"]
[Result "1-0"]
[WhiteElo "2260"]
[BlackElo "2366"]
[PlyCount "77"]
[EventDate "2019.??.??"]
[WhiteTeam "SG Porz 2"]
[BlackTeam "Oberhausener SV 1"]

1. d4 Nf6 2. c4 g6 3. Nc3 d5 4. Nf3 Bg7 5. Bg5 Ne4 6. cxd5 Nxg5 7. Nxg5 e6 8.
Qd2 h6 9. Nh3 exd5 10. Nf4 c6 11. e3 Nd7 12. Bd3 Nf6 13. O-O O-O 14. f3 Re8 15.
Rfe1 a5 16. Rad1 b5 17. Bb1 Ra7 18. Nd3 Rae7 19. Ne5 Qd6 20. f4 Bb7 21. Ne2 b4
22. Nc1 c5 23. dxc5 Qxc5 24. Nb3 Qa7 25. Qd4 Ba8 26. Rc1 Ne4 27. Bxe4 dxe4 28.
Qxa7 Rxa7 29. Rc5 a4 30. Nd4 Bf8 31. Rb5 Rc8 32. f5 a3 33. bxa3 Rxa3 34. fxg6
fxg6 35. Nxg6 Rxa2 36. Rf1 Bd6 37. Nf5 Rd8 38. Nxd6 Rxd6 39. Ne7+ 1-0

[Event "Oberhausener SV 1 - SG Porz 2"]
[Site "NRW-Klasse - Gruppe 1 2018/20"]
[Date "2019.04.14"]
[Round "8.2"]
[White "Becker, Marcel"]
[Black "Suvorov, Luca"]
[Result "1-0"]
[WhiteElo "2268"]
[BlackElo "2179"]
[PlyCount "59"]
[EventDate "2019.??.??"]
[WhiteTeam "Oberhausener SV 1"]
[BlackTeam "SG Porz 2"]

1. d4 Nf6 2. c4 e6 3. Nc3 Bb4 4. e3 O-O 5. Bd3 c5 6. a3 Bxc3+ 7. bxc3 d6 8. e4
Nc6 9. Ne2 e5 10. d5 Ne7 11. O-O Ng6 12. Ng3 h6 13. Re1 Re8 14. h3 Qa5 15. Qc2
Nf4 16. Bf1 g6 17. Be3 h5 18. Ne2 Nxe2+ 19. Bxe2 Kg7 20. Bd3 Qd8 21. Bg5 Qc7
22. Qd2 Nh7 23. Bh6+ Kh8 24. Re2 Nf8 25. f4 Nd7 26. Rf1 exf4 27. Qxf4 f6 28. e5
dxe5 29. Bxg6 Rg8 30. Qf5 1-0

[Event "Oberhausener SV 1 - SG Porz 2"]
[Site "NRW-Klasse - Gruppe 1 2018/20"]
[Date "2019.04.14"]
[Round "8.3"]
[White "Liard, Thibaud"]
[Black "Kummerow, Heiko"]
[Result "0-1"]
[WhiteElo "2132"]
[BlackElo "2126"]
[PlyCount "168"]
[EventDate "2019.??.??"]
[WhiteTeam "SG Porz 2"]
[BlackTeam "Oberhausener SV 1"]

1. d4 Nf6 2. c4 g6 3. Nc3 Bg7 4. e4 d6 5. Nf3 O-O 6. Be2 e5 7. O-O Nc6 8. d5
Ne7 9. b4 Ne8 10. c5 f5 11. Nd2 Nf6 12. f3 f4 13. Nc4 g5 14. a4 Ng6 15. Ba3 Rf7
16. b5 dxc5 17. Bxc5 h5 18. a5 g4 19. Bf2 g3 20. hxg3 fxg3 21. Bxg3 h4 22. Bh2
Nh5 23. d6 Qg5 24. dxc7 Be6 25. Nd5 Bf8 26. b6 Bxd5 27. Rf2 Bc5 28. Qxd5 Bxf2+
29. Kxf2 Nhf4 30. Bxf4 Nxf4 31. Qd2 Rd7 32. Qa2 Qg3+ 33. Kf1 Qxg2+ 34. Ke1 Qg1+
35. Bf1 Nd3+ 36. Kd2 Nb4+ 37. Nd6+ Kf8 38. Qe6 Qd4+ 39. Ke2 Qb2+ 40. Ke3 Qc3+
41. Ke2 Qd3+ 42. Kf2 Qd2+ 43. Be2 Qd4+ 44. Kg2 Qxd6 45. Qxd6+ Rxd6 46. Rb1 Rd2
47. Kf2 Na6 48. Ke3 Rxe2+ 49. Kxe2 axb6 50. axb6 Ke7 51. Rh1 Nc5 52. Rxh4 Ne6
53. Kd3 Kd6 54. Rh6 Re8 55. Ke3 Kd7 56. Kf2 Rf8 57. Rh7+ Kc6 58. Rh6 Kd6 59.
Rf6 Ra8 60. Kg3 Rg8+ 61. Kf2 Re8 62. Rg6 Kd7 63. Kg3 Nf4 64. Rg5 Nd3 65. Rg6
Nc5 66. Kg4 Rf8 67. Rg7+ Kd6 68. Rf7 Re8 69. Kf5 Nd7 70. f4 exf4 71. Kxf4 Kc6
72. Kf5 Nxb6 73. e5 Nc4 74. Kf6 Nxe5 75. c8=Q+ Rxc8 76. Kxe5 Rd8 77. Ke4 b5 78.
Rf5 Kb6 79. Rf1 b4 80. Rf3 Kb5 81. Rd3 Rxd3 82. Kxd3 Ka4 83. Kc2 Ka3 84. Kc1
Ka2 0-1

[Event "Oberhausener SV 1 - SG Porz 2"]
[Site "NRW-Klasse - Gruppe 1 2018/20"]
[Date "2019.04.14"]
[Round "8.4"]
[White "Nissen, Claus"]
[Black "Paulus, Jeffrey"]
[Result "1-0"]
[WhiteElo "2110"]
[BlackElo "1961"]
[PlyCount "75"]
[EventDate "2019.??.??"]
[WhiteTeam "Oberhausener SV 1"]
[BlackTeam "SG Porz 2"]

1. d4 d5 2. Nf3 Nf6 3. Bg5 c5 4. e3 Nc6 5. c3 Qb6 6. Qb3 c4 7. Qxb6 axb6 8.
Nbd2 Bf5 9. Nh4 Bg6 10. Nxg6 hxg6 11. e4 e6 12. Be2 b5 13. Bxf6 gxf6 14. exd5
exd5 15. Bf3 O-O-O 16. b4 Bxb4 17. cxb4 Rhe8+ 18. Kd1 Nxb4 19. Rb1 Nxa2 20. Rb2
Nc3+ 21. Kc2 Ne2 22. Bxe2 Rxe2 23. Rf1 Rd6 24. Rxb5 Rc6 25. Kd1 Ree6 26. Rxd5
Red6 27. Rxd6 Rxd6 28. Nxc4 Rxd4+ 29. Nd2 g5 30. Ke2 f5 31. Rb1 Rd5 32. Rb6
Re5+ 33. Kd3 Rd5+ 34. Kc3 Re5 35. Rf6 f4 36. Kd4 Re7 37. Ne4 Rd7+ 38. Rd6 1-0

[Event "Oberhausener SV 1 - SG Porz 2"]
[Site "NRW-Klasse - Gruppe 1 2018/20"]
[Date "2019.04.14"]
[Round "8.5"]
[White "Kremser, Michael"]
[Black "Ciornei, Dragos"]
[Result "0-1"]
[WhiteElo "1998"]
[BlackElo "2096"]
[PlyCount "52"]
[EventDate "2019.??.??"]
[WhiteTeam "SG Porz 2"]
[BlackTeam "Oberhausener SV 1"]

1. d4 Nf6 2. c4 g6 3. Nc3 Bg7 4. e4 d6 5. h3 O-O 6. Nf3 e5 7. d5 a5 8. Bg5 h6
9. Bh4 g5 10. Bg3 Nh5 11. Bd3 Na6 12. Qd2 Nc5 13. Bc2 Bd7 14. Nh2 f5 15. exf5
e4 16. Nf1 Bxf5 17. O-O-O a4 18. Ne3 Bg6 19. Rhe1 Nf4 20. Bxf4 gxf4 21. Nf1 a3
22. b4 Nd3+ 23. Bxd3 exd3 24. Ne4 Bxe4 25. Rxe4 Qf6 26. Qxd3 Qb2# 0-1

[Event "Oberhausener SV 1 - SG Porz 2"]
[Site "NRW-Klasse - Gruppe 1 2018/20"]
[Date "2019.04.14"]
[Round "8.6"]
[White "Matzat, Andre"]
[Black "Gallasch, Jonas"]
[Result "0-1"]
[WhiteElo "1977"]
[BlackElo "2057"]
[PlyCount "88"]
[EventDate "2019.??.??"]
[WhiteTeam "Oberhausener SV 1"]
[BlackTeam "SG Porz 2"]

1. d4 Nf6 2. Bf4 g6 3. Nc3 d5 4. e3 Bg7 5. h4 h6 6. Nb5 Na6 7. Be2 O-O 8. Nf3
Bg4 9. Ne5 Bxe2 10. Qxe2 c6 11. Nc3 Nd7 12. O-O-O Nc7 13. Qg4 Nxe5 14. Bxe5 Ne8
15. Bxg7 Kxg7 16. e4 Nf6 17. Qf3 Nxe4 18. Nxe4 dxe4 19. Qxe4 Qd5 20. Qe5+ Kg8
21. b3 e6 22. h5 g5 23. Qf6 Kh7 24. f4 Qxg2 25. Rhg1 Qf2 26. Rdf1 Qe3+ 27. Kb1
Rg8 28. fxg5 hxg5 29. Qxf7+ Rg7 30. Qf6 Rag8 31. Re1 Qf4 32. Rxe6 Qxf6 33. Rxf6
g4 34. Rg3 Rg5 35. Kc1 Rxh5 36. Rf7+ Kh6 37. Rxb7 Rh3 38. Rg2 g3 39. Re7 Rh2
40. Ree2 Rxg2 41. Rxg2 Kh5 42. Kd2 Kg4 43. Ke2 Rf8 44. c4 Kh3 0-1

[Event "Oberhausener SV 1 - SG Porz 2"]
[Site "NRW-Klasse - Gruppe 1 2018/20"]
[Date "2019.04.14"]
[Round "8.7"]
[White "Thiemonds, Uli"]
[Black "Montignies, Rainer"]
[Result "0-1"]
[WhiteElo "2016"]
[BlackElo "2231"]
[Annotator "Daniel"]
[PlyCount "134"]
[EventDate "2019.??.??"]
[WhiteTeam "SG Porz 2"]
[BlackTeam "Oberhausener SV 1"]

1. e4 e6 2. d4 d5 3. Nd2 c5 4. Ngf3 Nc6 5. c3 cxd4 6. cxd4 dxe4 7. Nxe4 Bb4+ 8.
Bd2 Bxd2+ 9. Qxd2 Nf6 10. Bd3 O-O 11. O-O Nd5 12. Rac1 Nce7 13. Rfe1 b6 14. Ne5
Bb7 15. Ng5 Ng6 16. Be4 Qe7 17. Nxg6 hxg6 18. f4 Nf6 19. Bxb7 Qxb7 20. Qe3 $11
Rfd8 21. Rc4 Rd7 22. Rec1 Rad8 23. Rc6 Qa6 24. a3 Qa4 25. Nf3 Nd5 26. Qd2 Ne7
27. Rc7 Rxc7 28. Rxc7 Nd5 29. Rc1 Qb3 30. Kf2 a5 31. g3 Nf6 32. Ke2 Nd5 33. Ne5
Qb5+ 34. Kf3 Nf6 35. Kg2 Ne4 36. Qc2 Rxd4 37. Nf3 Rd3 38. Re1 Qd5 39. Kg1 Rxf3
40. Rxe4 Rd3 41. Re2 Rd1+ 42. Kf2 Qd4+ 43. Kf3 Rd3+ 44. Kg2 Qd5+ 45. Kg1 b5 46.
b4 Rxa3 47. bxa5 Rxa5 48. Qc3 Ra8 49. Rd2 Qe4 50. Qd3 Qe1+ 51. Kg2 b4 52. Rb2
Qc3 53. Qxc3 bxc3 54. Rc2 Rc8 55. Kf3 Kh7 56. Ke3 Kh6 57. h4 f6 58. g4 Rc4 59.
g5+ Kh7 60. Kf3 Kg8 61. Kg3 Kf7 62. Kf3 Ke7 63. Ke3 Kd6 64. gxf6 gxf6 65. Kd3
Kd5 66. Ke3 Rc7 67. Kd3 Rc8 0-1

[Event "Oberhausener SV 1 - SG Porz 2"]
[Site "NRW-Klasse - Gruppe 1 2018/20"]
[Date "2019.04.14"]
[Round "8.8"]
[White "Alkhazashvili, Ololi"]
[Black "Padva, Leo"]
[Result "1-0"]
[WhiteElo "2148"]
[BlackElo "1937"]
[PlyCount "57"]
[EventDate "2019.??.??"]
[WhiteTeam "Oberhausener SV 1"]
[BlackTeam "SG Porz 2"]

1. e4 c5 2. Nf3 d6 3. Bb5+ Nd7 4. O-O Ngf6 5. Re1 e5 6. c3 a6 7. Bf1 Be7 8. a4
Qc7 9. Na3 b6 10. Nc4 Bb7 11. d3 O-O 12. Ne3 d5 13. Nf5 Rfe8 14. Nxe7+ Rxe7 15.
Nh4 Ree8 16. Nf5 g6 17. Nh6+ Kg7 18. Qf3 Qc6 19. Bg5 Rf8 20. Qh3 Qe6 21. Qh4
dxe4 22. dxe4 Ng8 23. Nxg8 Rxg8 24. Rad1 Bc6 25. Bc4 Qxc4 26. Rxd7 Kf8 27. Bh6+
Rg7 28. Qe7+ Kg8 29. Qf6 1-0

[Event "SV Letmathe 1 - SG Niederkassel 1"]
[Site "NRW-Klasse - Gruppe 1 2018/20"]
[Date "2019.04.14"]
[Round "8.1"]
[White "Grimm, Sascha"]
[Black "Kolosowski, Mateusz"]
[Result "0-1"]
[WhiteElo "2322"]
[BlackElo "2441"]
[PlyCount "74"]
[EventDate "2019.??.??"]
[WhiteTeam "SG Niederkassel 1"]
[BlackTeam "SV Letmathe 1"]

1. c4 e6 2. g3 d5 3. Bg2 Nf6 4. Nf3 dxc4 5. Na3 Bxa3 6. bxa3 Nbd7 7. Bb2 O-O 8.
Qc2 c5 9. O-O Qe7 10. Qxc4 e5 11. Qc2 Re8 12. d3 Rb8 13. Nd2 b6 14. Nc4 Bb7 15.
e4 b5 16. Ne3 c4 17. dxc4 bxc4 18. Qxc4 Bxe4 19. Bxe4 Rxb2 20. Qc3 Rb6 21. Bd5
Ra6 22. Rac1 g6 23. Bb3 Rxa3 24. Rfd1 Nb6 25. Nc2 Nbd5 26. Qc6 Ra5 27. Bxd5 Rc5
28. Bxf7+ Kxf7 29. Qa4 Rec8 30. Rd2 Qe8 31. Qxa7+ R8c7 32. Qb6 Qa4 33. Qb2 Kg7
34. f4 Ne4 35. Re2 Nc3 36. Re3 exf4 37. Rf3 Qxa2 0-1

[Event "SV Letmathe 1 - SG Niederkassel 1"]
[Site "NRW-Klasse - Gruppe 1 2018/20"]
[Date "2019.04.14"]
[Round "8.2"]
[White "Podzielny, Karl-Heinz"]
[Black "Wigger, Jochen"]
[Result "1/2-1/2"]
[WhiteElo "2351"]
[BlackElo "2234"]
[Annotator "Daniel"]
[PlyCount "97"]
[EventDate "2019.??.??"]
[WhiteTeam "SV Letmathe 1"]
[BlackTeam "SG Niederkassel 1"]

1. Nf3 d5 2. g3 c6 3. c4 Nf6 4. b3 Bg4 5. Bg2 e6 6. Bb2 Nbd7 7. h3 Bh5 8. g4
Bg6 9. d3 h6 10. Nbd2 Be7 11. Rc1 O-O 12. Rc2 a5 13. a3 Qb6 14. Qa1 Rfd8 15.
O-O Ne8 16. cxd5 exd5 17. Rfc1 Nf8 18. Nd4 Ne6 19. Nxe6 fxe6 20. Nf3 Bf6 21.
Ne5 Bh7 22. Bd4 Qc7 23. Qb2 Qe7 24. f4 Nd6 25. a4 Nf7 26. Rf1 Rdc8 27. Nxf7
Kxf7 28. g5 Bxd4+ 29. Qxd4 hxg5 30. fxg5+ Kg8 31. Qe5 Rf8 32. Rcc1 Rf5 33. Rxf5
Bxf5 34. h4 Qa3 $11 35. Rf1 Qxb3 36. h5 Qb6+ 37. Kh2 Qd8 38. Qg3 d4 39. Rb1 Qd7
40. Qe5 Rf8 41. g6 Bg4 42. Be4 Qe7 43. Kg3 Bf5 44. Bf3 Qg5+ 45. Kf2 Qh4+ 46.
Qg3 Qe7 47. Rh1 Qf6 48. Kg2 e5 49. Rc1 1/2-1/2

[Event "SV Letmathe 1 - SG Niederkassel 1"]
[Site "NRW-Klasse - Gruppe 1 2018/20"]
[Date "2019.04.14"]
[Round "8.3"]
[White "Schienmann, Bruno"]
[Black "Adamski, Jan"]
[Result "1/2-1/2"]
[WhiteElo "2234"]
[BlackElo "2207"]
[PlyCount "53"]
[EventDate "2019.??.??"]
[WhiteTeam "SG Niederkassel 1"]
[BlackTeam "SV Letmathe 1"]

1. d4 Nf6 2. c4 e6 3. Nc3 Bb4 4. e3 c5 5. Nge2 cxd4 6. exd4 O-O 7. a3 Be7 8. d5
exd5 9. cxd5 Bc5 10. Na4 b6 11. b4 Bd6 12. Nac3 Re8 13. Be3 Ng4 14. Bd4 Be5 15.
Bxe5 Nxe5 16. Qd4 a5 17. Rd1 axb4 18. axb4 d6 19. f3 Nbd7 20. Kf2 Ba6 21. Ng3
Bxf1 22. Rhxf1 Nf6 23. Rfe1 Qd7 24. Kg1 b5 25. Nge4 Nxe4 26. Nxe4 Nc4 27. Nc3
1/2-1/2

[Event "SV Letmathe 1 - SG Niederkassel 1"]
[Site "NRW-Klasse - Gruppe 1 2018/20"]
[Date "2019.04.14"]
[Round "8.4"]
[White "Schleining, Zoya"]
[Black "Rybarczyk, Klaus"]
[Result "1/2-1/2"]
[WhiteElo "2305"]
[BlackElo "2158"]
[PlyCount "90"]
[EventDate "2019.??.??"]
[WhiteTeam "SV Letmathe 1"]
[BlackTeam "SG Niederkassel 1"]

1. Nf3 Nf6 2. g3 g6 3. Bg2 Bg7 4. b3 Ne4 5. c3 c5 6. Bb2 d5 7. d3 Nf6 8. c4 d4
9. b4 O-O 10. Nbd2 Nfd7 11. O-O Nc6 12. b5 Nce5 13. Nb3 Qc7 14. a4 a5 15. Ra2
Nxf3+ 16. exf3 b6 17. Re1 e5 18. f4 Bb7 19. Bc1 Bxg2 20. Kxg2 f5 21. Qf3 Kh8
22. Rae2 Rae8 23. Qc6 Qxc6+ 24. bxc6 Nb8 25. c7 Na6 26. fxe5 Nxc7 27. e6 Rf6
28. e7 Kg8 29. Bg5 Rc6 30. Bf4 Na8 31. Na1 Kf7 32. Nc2 Bf6 33. Na3 g5 34. Bb8
Rxe7 35. Nb5 Rxe2 36. Rxe2 Be7 37. Re5 Kf6 38. Rd5 Rc8 39. Be5+ Ke6 40. f4 g4
41. Bd6 Bf6 42. Be5 Be7 43. h4 Rd8 44. Rxd8 Bxd8 45. Kf2 Kd7 1/2-1/2

[Event "SV Letmathe 1 - SG Niederkassel 1"]
[Site "NRW-Klasse - Gruppe 1 2018/20"]
[Date "2019.04.14"]
[Round "8.5"]
[White "Stanetzek, Carsten"]
[Black "Dubinski, Mateusz"]
[Result "0-1"]
[WhiteElo "2164"]
[BlackElo "2289"]
[PlyCount "66"]
[EventDate "2019.??.??"]
[WhiteTeam "SG Niederkassel 1"]
[BlackTeam "SV Letmathe 1"]

1. e4 e5 2. Nf3 Nc6 3. Bc4 Nf6 4. d3 Be7 5. O-O O-O 6. a4 d5 7. exd5 Nxd5 8.
Re1 Bg4 9. h3 Bh5 10. g4 Bg6 11. Nxe5 Nxe5 12. Rxe5 Nb6 13. Bb3 Nd7 14. Re1 Nc5
15. Bc4 Bd6 16. Nd2 Kh8 17. Nf3 h5 18. Bg5 f6 19. Bd2 Qd7 20. b4 hxg4 21. Nh4
Bh5 22. bxc5 Be5 23. c3 g5 24. Ng2 Kg7 25. Ne3 Rh8 26. hxg4 Bg6 27. Qf3 Rh4 28.
Qd5 Qe8 29. Kf1 Rd8 30. Qf3 Rxd3 31. Nf5+ Bxf5 32. Bxd3 Bxg4 33. Rxe5 Bxf3 0-1

[Event "SV Letmathe 1 - SG Niederkassel 1"]
[Site "NRW-Klasse - Gruppe 1 2018/20"]
[Date "2019.04.14"]
[Round "8.6"]
[White "Gruermann, Martin"]
[Black "Broehl, Stephan"]
[Result "1-0"]
[WhiteElo "2208"]
[BlackElo "2087"]
[PlyCount "55"]
[EventDate "2019.??.??"]
[WhiteTeam "SV Letmathe 1"]
[BlackTeam "SG Niederkassel 1"]

1. e4 c6 2. d4 d5 3. e5 Bf5 4. Nf3 e6 5. Be2 Nd7 6. O-O Bg6 7. c3 Ne7 8. Bf4
Nc8 9. Nbd2 Be7 10. b4 O-O 11. Nb3 b6 12. Qd2 c5 13. c4 cxb4 14. cxd5 exd5 15.
Ba6 Rb8 16. Rac1 Be4 17. e6 Nd6 18. exd7 Bxf3 19. gxf3 Qxd7 20. Bd3 a5 21. Rfe1
Rbc8 22. Qe2 Bf6 23. Be5 Bg5 24. Bxd6 Qxd6 25. Rxc8 Rxc8 26. Qe8+ Qf8 27. Qd7
Rd8 28. Qf5 1-0